Alaska Senate Elections - Statistics

General Stats
  • This quiz has been taken 8 times
  • The average score is 7 of 14
Answer Stats
Year Seat Party Percent Answer % Correct
2020 Class 2 R 53.9% Dan Sullivan
100%
2022 Class 3 R 43.4% Lisa Murkowski
100%
2020 Class 2 I 41.2% Al Gross
75%
2014 Class 2 D 45.8% Mark Begich
75%
2016 Class 3 L 29.2% Joe Miller
50%
2022 Class 3 R 42.6% Kelly Tshibaka
50%
2022 Class 3 D 10.4% Pat Chesbro
50%
2008 Class 2 R 46.5% Ted Stevens
50%
2002 Class 2 D 10.5% Frank Vondersaar
25%
2002 Class 2 G 7.2% Jim Sykes
25%
2016 Class 3 I 13.2% Margaret Stock
25%
2004 Class 3 D 45.6% Tony Knowles
25%
2016 Class 3 D 11.6% Ray Metcalfe
0%
2010 Class 3 D 23.5% Scott McAdams
0%
No matching quizzes found
Score Distribution
Percent of People with Each Score
Percentile by Number Answered
Your Score History
You have not taken this quiz